000 00459nam a2200157Ia 4500
008 230312s9999||||xx |||||||||||||| ||und||
020 _a0-256-03719-1
082 _a519.5
_bMAT-S
100 _aMate,Van Joseph G.
245 0 _aStatistic for Business and Economics
260 _bBusiness Publications
_aUSA
_c1987
300 _a782
546 _aEng.
650 _aEconomics
_vStatistics: overview, Descriptive Methods, Probability Distributions.
942 _cBK
999 _c2136
_d2136